[Event "4th EFE Metz Festival-IM"]
[Site "Metz"]
[Date "2018.07.26"]
[Round "5"]
[White "Villegas, Pierre"]
[Black "Harutyunyan, Ruben"]
[Result "1/2-1/2"]
[WhiteElo "2376"]
[BlackElo "2303"]
[Annotator "NA"]
[PlyCount "70"]
[EventDate "2018.07.22"]
[EventType "tourn"]
[EventCountry "FRA"]
[SourceTitle "playchess.com"]
[Source "ChessBase"]
[SourceQuality "1"]
[TimeControl "5400+30"]

1. Nf3 {[%emt 0:00:00]} d5 {[%emt 0:00:04]} 2. c4 {[%emt 0:00:00]} c6 {[%emt 0:00:05]} 3. d4 {[%emt 0:00:00]} Nf6 {[%emt 0:00:04]} 4. g3 {[%emt 0:00:10]} Bf5 {[%emt 0:00:11]} 5. Nc3 {[%emt 0:00:18]} e6 {[%emt 0:00:31]} 6. Nh4 {[%emt 0:00:30]} Be4 {[%emt 0:06:50]} 7. f3 {[%emt 0:00:45]} Bg6 {[%emt 0:00:32]} 8. Qb3 {[%emt 0:00:51]} Qb6 {[%emt 0:07:29]} 9. Nxg6 {[%emt 0:01:42]} hxg6 {[%emt 0:01:15]} 10. c5 {[%emt 0:00:30]} Qc7 {[%emt 0:07:29]} 11. e4 {[%emt 0:07:09]} dxe4 {[%emt 0:06:07]} 12. fxe4 {[%emt 0:01:31]} Nbd7 {[%emt 0:17:39]} 13. e5 {[%emt 0:14:42]} Nxe5 {[%emt 0:18:27]} 14. dxe5 {[%emt 0:02:05]} Qxe5+ {[%emt 0:00:56]} 15. Be2 {[%emt 0:01:27]} O-O-O {[%emt 0:13:26]} 16. Bf4 {[%emt 0:05:42]} Qxc5 {[%emt 0:00:58]} 17. Rd1 {[%emt 0:26:10]} Rxd1+ {[%emt 0:01:55]} 18. Nxd1 {[%emt 0:01:19]} Nd5 {[%emt 0:12:32]} 19. Be3 {[%emt 0:02:09]} Nxe3 {[%emt 0:00:33]} 20. Qxe3 {[%emt 0:02:57]} Qb4+ {[%emt 0:01:03]} 21. Kf1 {[%emt 0:02:32]} Bc5 {[%emt 0:01:14]} 22. Qc3 {[%emt 0:02:33]} Qe4 {[%emt 0:00:38]} 23. Bf3 {[%emt 0:00:11]} Qf5 {[%emt 0:00:12]} 24. g4 {[%emt 0:10:18]} Qf4 {[%emt 0:00:54]} 25. Qxc5 {[%emt 0:00:11]} Qxf3+ {[%emt 0:00:04]} 26. Nf2 {[%emt 0:00:02]} Rd8 {[%emt 0:00:51]} 27. Qc2 {[%emt 0:00:32]} Rd5 {[%emt 0:01:21]} 28. Rg1 {[%emt 0:01:09]} Qf4 {[%emt 0:00:27]} 29. Qe4 {[%emt 0:01:37]} Qxh2 {[%emt 0:00:34]} 30. Qb4 {[%emt 0:00:50]} Kc7 {[%emt 0:00:32]} 31. Rh1 {[%emt 0:00:51]} Rd1+ {[%emt 0:00:29]} 32. Ke2 {[%emt 0:03:02]} Rxh1 {[%emt 0:00:05]} 33. Qe7+ {[%emt 0:00:05]} Kc8 {[%emt 0:00:10]} 34. Qe8+ {[%emt 0:00:03]} Kc7 {[%emt 0:00:03]} 35. Qe7+ {[%emt 0:00:02]} Kc8 {[%emt 0:00:12]} 1/2-1/2

[Event "4th EFE Metz Festival-IM"]
[Site "Metz"]
[Date "2018.07.26"]
[Round "5"]
[White "Gatineau, Yovann"]
[Black "Stephan, Victor"]
[Result "0-1"]
[WhiteElo "2373"]
[BlackElo "2356"]
[Annotator "NA"]
[PlyCount "150"]
[EventDate "2018.07.22"]
[EventType "tourn"]
[EventCountry "FRA"]
[SourceTitle "playchess.com"]
[Source "ChessBase"]
[SourceQuality "1"]
[TimeControl "5400+30"]

1. d4 d5 {[%emt 0:01:12]} 2. c4 {[%emt 0:09:20]} e6 {[%emt 0:00:35]} 3. Nf3 {[%emt 0:00:53]} Nf6 {[%emt 0:00:38]} 4. Nc3 {[%emt 0:00:15]} Be7 {[%emt 0:00:24]} 5. Bf4 {[%emt 0:00:30]} O-O {[%emt 0:02:28]} 6. e3 {[%emt 0:00:22]} Nbd7 {[%emt 0:00:35]} 7. c5 {[%emt 0:00:21]} c6 {[%emt 0:00:23]} 8. Bd3 {[%emt 0:00:38]} b6 {[%emt 0:00:27]} 9. b4 {[%emt 0:00:06]} a5 {[%emt 0:01:09]} 10. a3 {[%emt 0:00:05]} Ba6 {[%emt 0:10:24]} 11. Bxa6 {[%emt 0:00:08]} Rxa6 {[%emt 0:00:15]} 12. b5 {[%emt 0:00:16]} cxb5 {[%emt 0:01:09]} 13. c6 {[%emt 0:00:07]} Qc8 {[%emt 0:01:14]} 14. c7 {[%emt 0:00:45]} Bxa3 {[%emt 0:08:00]} 15. Nxb5 {[%emt 0:04:05]} Bb4+ {[%emt 0:00:42]} 16. Ke2 {[%emt 0:00:47]} Ra8 {[%emt 0:00:22]} 17. Qd3 {[%emt 0:01:07]} Qa6 {[%emt 0:07:30]} 18. Bd6 {[%emt 0:10:18]} Bxd6 {[%emt 0:05:27]} 19. Nxd6 {[%emt 0:00:06]} Qxd3+ {[%emt 0:00:58]} 20. Kxd3 {[%emt 0:00:05]} Ne4 {[%emt 0:01:02]} 21. c8=Q {[%emt 0:01:40]} Rfxc8 {[%emt 0:02:24]} 22. Nxc8 {[%emt 0:00:05]} Nxf2+ {[%emt 0:11:41]} 23. Ke2 {[%emt 0:00:07]} Nxh1 {[%emt 0:00:04]} 24. Nd6 {[%emt 0:00:14]} b5 {[%emt 0:02:39]} 25. Rxh1 {[%emt 0:08:43]} b4 {[%emt 0:00:06]} 26. Rc1 {[%emt 0:10:48]} Nb6 {[%emt 0:08:19]} 27. Rc6 {[%emt 0:25:28]} Rb8 {[%emt 0:00:25]} 28. Rc5 {[%emt 0:00:33]} Ra8 {[%emt 0:07:48]} 29. Nd2 {[%emt 0:04:17]} Kf8 {[%emt 0:06:01]} 30. Rb5 {[%emt 0:08:06]} Na4 {[%emt 0:04:05]} 31. Rb7 {[%emt 0:00:05]} f6 {[%emt 0:01:21]} 32. Rf7+ {[%emt 0:00:52]} Kg8 {[%emt 0:00:04]} 33. Rc7 {[%emt 0:00:08]} Nc3+ {[%emt 0:02:47]} 34. Kd3 {[%emt 0:00:05]} a4 {[%emt 0:00:42]} 35. Rc8+ {[%emt 0:00:40]} Rxc8 {[%emt 0:00:05]} 36. Nxc8 {[%emt 0:00:02]} Kf7 {[%emt 0:01:35]} 37. Na7 {[%emt 0:01:56]} Nd1 {[%emt 0:01:37]} 38. Nc6 {[%emt 0:01:08]} b3 {[%emt 0:00:19]} 39. Nb1 {[%emt 0:00:44]} Nb2+ {[%emt 0:02:01]} 40. Kc3 {[%emt 0:01:32]} Nc4 {[%emt 0:00:06]} 41. e4 {[%emt 0:00:08]} Ne3 {[%emt 0:01:05]} 42. exd5 {[%emt 0:00:15]} exd5 {[%emt 0:01:43]} 43. Nb4 {[%emt 0:00:23]} Ke6 {[%emt 0:00:35]} 44. Nd3 {[%emt 0:00:16]} Nxg2 {[%emt 0:00:29]} 45. Nc5+ {[%emt 0:01:29]} Kf5 {[%emt 0:00:28]} 46. Nxa4 {[%emt 0:00:05]} Nf4 {[%emt 0:01:29]} 47. Nd2 {[%emt 0:01:28]} Kg4 {[%emt 0:00:30]} 48. Nb6 {[%emt 0:02:10]} Kh3 {[%emt 0:00:53]} 49. Nf1 {[%emt 0:00:06]} Ne2+ {[%emt 0:01:00]} 50. Kd3 {[%emt 0:06:08]} b2 {[%emt 0:00:36]} 51. Nd2 {[%emt 0:00:05]} Nf4+ {[%emt 0:00:44]} 52. Ke3 {[%emt 0:00:05]} g5 {[%emt 0:00:25]} 53. Na4 {[%emt 0:00:43]} Kxh2 {[%emt 0:00:45]} 54. Nxb2 {[%emt 0:00:07]} Ne6 {[%emt 0:00:28]} 55. Nd3 {[%emt 0:02:29]} Kg3 {[%emt 0:01:14]} 56. Ne1 {[%emt 0:03:56]} f5 {[%emt 0:01:30]} 57. Nf1+ {[%emt 0:00:27]} Kg4 {[%emt 0:00:56]} 58. Nf3 {[%emt 0:00:41]} f4+ {[%emt 0:00:21]} 59. Kf2 {[%emt 0:00:16]} Kf5 {[%emt 0:00:05]} 60. Ne5 {[%emt 0:00:43]} Nxd4 {[%emt 0:00:27]} 61. Nd7 {[%emt 0:00:21]} Ne6 {[%emt 0:00:53]} 62. Nb6 {[%emt 0:00:12]} d4 {[%emt 0:00:09]} 63. Nc4 {[%emt 0:00:15]} g4 {[%emt 0:00:24]} 64. Nd6+ {[%emt 0:00:06]} Kg6 {[%emt 0:00:45]} 65. Kg2 {[%emt 0:00:48]} h5 {[%emt 0:00:06]} 66. Nh2 {[%emt 0:00:12]} Nc5 {[%emt 0:00:53]} 67. Nc4 {[%emt 0:00:16]} d3 {[%emt 0:00:40]} 68. Nf1 {[%emt 0:00:28]} h4 {[%emt 0:00:38]} 69. Nh2 {[%emt 0:00:26]} Kg5 {[%emt 0:00:37]} 70. Nd2 {[%emt 0:00:07]} h3+ {[%emt 0:00:25]} 71. Kg1 {[%emt 0:00:07]} Kf5 {[%emt 0:00:19]} 72. Nhf1 {[%emt 0:00:25]} Ne4 {[%emt 0:00:39]} 73. Nc4 {[%emt 0:00:03]} g3 {[%emt 0:00:21]} 74. Nb2 {[%emt 0:00:12]} d2 {[%emt 0:00:44]} 75. Nd1 {[%emt 0:00:03]} Nf2 {[%emt 0:00:39]} 0-1

[Event "4th EFE Metz Festival-IM"]
[Site "Metz"]
[Date "2018.07.26"]
[Round "5"]
[White "Haast, Mark"]
[Black "Mohammad, Fahim"]
[Result "1-0"]
[WhiteElo "2356"]
[BlackElo "2383"]
[Annotator "NA"]
[PlyCount "81"]
[EventDate "2018.07.22"]
[EventType "tourn"]
[EventCountry "FRA"]
[SourceTitle "playchess.com"]
[Source "ChessBase"]
[SourceQuality "1"]
[TimeControl "5400+30"]

1. c4 {[%emt 0:00:00]} c5 {[%emt 0:09:28]} 2. g3 {[%emt 0:00:00]} g6 {[%emt 0:00:40]} 3. Bg2 {[%emt 0:00:09]} Bg7 {[%emt 0:01:17]} 4. Nc3 {[%emt 0:00:12]} Nc6 {[%emt 0:00:37]} 5. a3 {[%emt 0:00:27]} e6 {[%emt 0:05:54]} 6. d3 {[%emt 0:03:15]} Nge7 {[%emt 0:01:48]} 7. Bg5 {[%emt 0:00:37]} h6 {[%emt 0:01:39]} 8. Bd2 {[%emt 0:00:14]} d5 {[%emt 0:02:20]} 9. Rb1 {[%emt 0:00:52]} O-O {[%emt 0:04:23]} 10. Qc1 {[%emt 0:01:32]} dxc4 {[%emt 0:08:00]} 11. dxc4 {[%emt 0:00:18]} Kh7 {[%emt 0:00:26]} 12. Nf3 {[%emt 0:02:11]} e5 {[%emt 0:13:03]} 13. b4 {[%emt 0:07:33]} cxb4 {[%emt 0:00:29]} 14. axb4 {[%emt 0:00:06]} f5 {[%emt 0:07:18]} 15. O-O {[%emt 0:30:01]} e4 {[%emt 0:01:49]} 16. Ne1 {[%emt 0:00:10]} Be6 {[%emt 0:01:09]} 17. c5 {[%emt 0:02:23]} Nd5 {[%emt 0:04:03]} 18. Nxd5 {[%emt 0:00:50]} Qxd5 {[%emt 0:00:26]} 19. Nc2 {[%emt 0:04:38]} Rad8 {[%emt 0:05:00]} 20. Rd1 {[%emt 0:01:05]} Qa2 {[%emt 0:03:33]} 21. b5 {[%emt 0:03:10]} Nd4 {[%emt 0:00:59]} 22. Nxd4 {[%emt 0:00:12]} Rxd4 {[%emt 0:00:51]} 23. Be3 {[%emt 0:01:19]} Rxd1+ {[%emt 0:00:48]} 24. Qxd1 {[%emt 0:00:09]} Rd8 {[%emt 0:00:07]} 25. Qc1 {[%emt 0:01:13]} Bb3 {[%emt 0:05:21]} 26. c6 {[%emt 0:01:39]} Bc2 {[%emt 0:08:30]} 27. cxb7 {[%emt 0:01:06]} Rb8 {[%emt 0:06:45]} 28. Rb4 {[%emt 0:02:03]} Bc3 {[%emt 0:02:25]} 29. b6 {[%emt 0:21:03]} Bxb4 {[%emt 0:02:04]} 30. bxa7 {[%emt 0:00:08]} Rxb7 {[%emt 0:00:37]} 31. Qxc2 {[%emt 0:00:33]} Qxc2 {[%emt 0:01:47]} 32. a8=Q {[%emt 0:00:08]} Qc6 {[%emt 0:00:29]} 33. Bd4 {[%emt 0:00:53]} g5 {[%emt 0:02:09]} 34. h3 {[%emt 0:06:31]} Bc5 {[%emt 0:00:43]} 35. Qh8+ {[%emt 0:00:29]} Kg6 {[%emt 0:00:00]} 36. Qg8+ {[%emt 0:00:23]} Kh5 {[%emt 0:00:06]} 37. Bxc5 {[%emt 0:00:09]} g4 {[%emt 0:01:23]} 38. hxg4+ {[%emt 0:01:21]} fxg4 {[%emt 0:00:03]} 39. Be3 {[%emt 0:00:33]} Re7 {[%emt 0:00:38]} 40. f3 {[%emt 0:02:08]} exf3 {[%emt 0:00:24]} 41. exf3 {[%emt 0:00:05]} 1-0

[Event "4th EFE Metz Festival-IM"]
[Site "Metz"]
[Date "2018.07.26"]
[Round "5"]
[White "Mohota, Nisha"]
[Black "Adrian, Claude"]
[Result "1-0"]
[WhiteElo "2265"]
[BlackElo "2267"]
[Annotator "NA"]
[PlyCount "89"]
[EventDate "2018.07.22"]
[EventType "tourn"]
[EventCountry "FRA"]
[SourceTitle "playchess.com"]
[Source "ChessBase"]
[SourceQuality "1"]
[TimeControl "5400+30"]

1. e4 {[%emt 0:00:03]} e6 {[%emt 0:00:09]} 2. d4 {[%emt 0:00:04]} d5 {[%emt 0:00:03]} 3. Nc3 {[%emt 0:00:19]} Bb4 {[%emt 0:00:08]} 4. e5 {[%emt 0:00:03]} Ne7 {[%emt 0:00:21]} 5. a3 {[%emt 0:00:03]} Bxc3+ {[%emt 0:00:06]} 6. bxc3 {[%emt 0:00:02]} b6 {[%emt 0:00:06]} 7. Bd3 {[%emt 0:08:11]} Ba6 {[%emt 0:00:47]} 8. Ne2 {[%emt 0:00:02]} Bxd3 {[%emt 0:03:12]} 9. Qxd3 {[%emt 0:00:27]} c5 {[%emt 0:01:33]} 10. O-O {[%emt 0:05:10]} Qc7 {[%emt 0:01:27]} 11. c4 {[%emt 0:11:16]} dxc4 {[%emt 0:03:48]} 12. Qxc4 {[%emt 0:00:46]} Nd7 {[%emt 0:00:20]} 13. Nc3 {[%emt 0:09:37]} O-O {[%emt 0:02:42]} 14. f4 {[%emt 0:05:27]} Rfc8 {[%emt 0:08:31]} 15. d5 {[%emt 0:02:08]} exd5 {[%emt 0:02:27]} 16. Nxd5 {[%emt 0:00:06]} Nxd5 {[%emt 0:00:06]} 17. Qxd5 {[%emt 0:00:04]} Rd8 {[%emt 0:01:05]} 18. c4 {[%emt 0:09:16]} Nf8 {[%emt 0:03:46]} 19. Qe4 {[%emt 0:00:23]} Qd7 {[%emt 0:02:41]} 20. Be3 {[%emt 0:07:29]} Qd3 {[%emt 0:01:24]} 21. Qf3 {[%emt 0:01:51]} Qxc4 {[%emt 0:05:28]} 22. f5 {[%emt 0:01:31]} Qd5 {[%emt 0:01:41]} 23. Qg3 {[%emt 0:00:57]} Re8 {[%emt 0:14:50]} 24. e6 {[%emt 0:01:56]} Nxe6 {[%emt 0:00:14]} 25. fxe6 {[%emt 0:02:01]} Rxe6 {[%emt 0:01:45]} 26. Rad1 {[%emt 0:04:44]} Qb3 {[%emt 0:04:03]} 27. Bf4 {[%emt 0:02:24]} Qxg3 {[%emt 0:00:15]} 28. Bxg3 {[%emt 0:00:05]} Rae8 {[%emt 0:00:26]} 29. Rd7 {[%emt 0:00:57]} R6e7 {[%emt 0:01:09]} 30. Rxe7 {[%emt 0:02:56]} Rxe7 {[%emt 0:00:16]} 31. Re1 {[%emt 0:00:40]} Rxe1+ {[%emt 0:00:30]} 32. Bxe1 {[%emt 0:00:02]} f5 {[%emt 0:02:08]} 33. Kf2 {[%emt 0:02:50]} Kf7 {[%emt 0:00:15]} 34. Ke3 {[%emt 0:00:44]} Ke6 {[%emt 0:00:48]} 35. Kf4 {[%emt 0:03:51]} b5 {[%emt 0:10:09]} 36. Bc3 {[%emt 0:04:59]} g6 {[%emt 0:00:18]} 37. Kg5 {[%emt 0:03:36]} Kd5 {[%emt 0:00:23]} 38. h4 {[%emt 0:02:46]} Kc4 {[%emt 0:00:11]} 39. Be5 {[%emt 0:01:24]} a5 {[%emt 0:03:24]} 40. Kh6 {[%emt 0:00:24]} b4 {[%emt 0:01:32]} 41. Kxh7 {[%emt 0:05:52]} Kd3 {[%emt 0:02:26]} 42. Kxg6 {[%emt 0:00:52]} c4 {[%emt 0:00:07]} 43. h5 {[%emt 0:01:04]} c3 {[%emt 0:00:09]} 44. h6 {[%emt 0:00:27]} b3 {[%emt 0:02:39]} 45. Bxc3 {[%emt 0:00:04]} 1-0

[Event "4th EFE Metz Festival-IM"]
[Site "Metz"]
[Date "2018.07.27"]
[Round "6"]
[White "Mohammad, Fahim"]
[Black "Gatineau, Yovann"]
[Result "0-1"]
[WhiteElo "2383"]
[BlackElo "2373"]
[Annotator "NA"]
[PlyCount "90"]
[EventDate "2018.07.22"]
[EventType "tourn"]
[EventCountry "FRA"]
[SourceTitle "playchess.com"]
[Source "ChessBase"]
[SourceQuality "1"]
[TimeControl "5400+30"]

1. d4 {[%emt 0:05:52]} d5 {[%emt 0:01:05]} 2. c4 {[%emt 0:00:08]} e6 {[%emt 0:00:06]} 3. Nf3 {[%emt 0:00:24]} Nf6 {[%emt 0:00:16]} 4. e3 {[%emt 0:00:25]} Be7 {[%emt 0:00:24]} 5. Bd3 {[%emt 0:01:22]} O-O {[%emt 0:00:32]} 6. Nc3 {[%emt 0:02:02]} c5 {[%emt 0:02:36]} 7. cxd5 {[%emt 0:02:21]} exd5 {[%emt 0:02:57]} 8. dxc5 {[%emt 0:00:16]} Bxc5 {[%emt 0:00:33]} 9. h3 {[%emt 0:01:03]} Nc6 {[%emt 0:00:43]} 10. O-O {[%emt 0:00:13]} Qe7 {[%emt 0:10:18] D37: Damengambit (5.Lf4)} (10... Be6 11. b3 Qe7 12. Bb2 Rfd8 13. Ne2 Ne4 14. Nfd4 Ne5 15. Nf4 Bxd4 16. Bxd4 Nxd3 17. Qxd3 Bf5 18. Qe2 {½-½ (48) Salem,A (2638)-Amin,B (2689) Riadh 2017}) 11. a3 {[%emt 0:10:54]} Ne5 {[%emt 0:20:01]} 12. Nd4 $146 {[%emt 0:09:46]} ({Vorgänger:} 12. Bc2 Rd8 13. Nd4 a6 14. b3 Nc6 15. Qd3 Ne5 16. Qe2 Be6 17. Bb2 Rac8 18. Nf5 Bxf5 19. Bxf5 {0-1 (42) Kienel,N (1949)-Grube,A (2111) GER email 2012}) 12... Nxd3 {[%emt 0:05:14]} 13. Qxd3 {[%emt 0:00:02]} Qe5 {[%emt 0:00:09]} 14. b4 {[%emt 0:04:14]} Bd6 {[%emt 0:00:37]} 15. f4 {[%emt 0:00:13]} Qe7 {[%emt 0:04:14]} 16. Bb2 {[%emt 0:07:30]} Re8 {[%emt 0:00:44]} 17. Rf3 {[%emt 0:04:22]} Bd7 {[%emt 0:03:08]} ({Black should try} 17... a5 $11) 18. Nf5 {[%emt 0:14:21]} ({Better is} 18. Rg3 $14) 18... Bxf5 $1 {[%emt 0:00:10]} 19. Qxf5 {[%emt 0:00:07]} Qe6 {[%emt 0:00:26]} 20. Qg5 {[%emt 0:03:25]} h6 {[%emt 0:04:09]} 21. Qg3 {[%emt 0:03:01]} Rac8 {[%emt 0:03:50]} 22. Rd1 {[%emt 0:03:11]} Bf8 {[%emt 0:01:04]} 23. Rd4 {[%emt 0:10:54]} Qf5 {[%emt 0:06:58]} (23... a5 $5) 24. Rf2 {[%emt 0:02:34] [#]} a5 $1 {[%emt 0:02:50]} 25. Qf3 {[%emt 0:02:10]} axb4 {[%emt 0:02:20]} 26. axb4 {[%emt 0:00:08]} Rxc3 {[%emt 0:04:20]} 27. Bxc3 {[%emt 0:00:25]} Ne4 {[%emt 0:00:03]} 28. Be1 {[%emt 0:02:05]} Nxf2 {[%emt 0:00:00]} 29. Kxf2 $11 {[%emt 0:02:07]} Re4 {[%emt 0:02:48]} 30. Rxe4 {[%emt 0:00:42]} dxe4 {[%emt 0:02:44]} 31. Qd1 {[%emt 0:00:25]} Be7 {[%emt 0:01:20]} 32. Qd4 {[%emt 0:02:44]} Bf6 {[%emt 0:01:15]} 33. Qc4 {[%emt 0:00:13]} Qe6 {[%emt 0:09:23]} 34. Qxe6 {[%emt 0:01:29]} fxe6 {[%emt 0:00:04]} 35. Ke2 {[%emt 0:00:27]} Kf7 {[%emt 0:00:06]} 36. Kd2 {[%emt 0:00:30]} b5 {[%emt 0:01:44]} 37. Kc2 {[%emt 0:00:35]} e5 {[%emt 0:04:43]} 38. f5 {[%emt 0:04:04]} h5 {[%emt 0:00:06]} 39. Kc3 {[%emt 0:01:31]} Bg5 {[%emt 0:00:58]} 40. Kd2 {[%emt 0:01:12]} h4 {[%emt 0:00:26]} 41. Bf2 {[%emt 0:00:31]} Kf6 {[%emt 0:00:14]} 42. g4 {[%emt 0:00:13]} hxg3 43. Bxg3 {[%emt 0:00:00]} Kxf5 {[%emt 0:00:29]} 44. Bf2 {[%emt 0:00:41]} Be7 {[%emt 0:00:33]} 45. Kc3 {[%emt 0:00:13]} g5 {[%emt 0:00:27] Kd4} 0-1

[Event "4th EFE Metz Festival-IM"]
[Site "Metz"]
[Date "2018.07.27"]
[Round "6"]
[White "Stephan, Victor"]
[Black "Villegas, Pierre"]
[Result "1/2-1/2"]
[WhiteElo "2356"]
[BlackElo "2376"]
[Annotator "NA"]
[PlyCount "73"]
[EventDate "2018.07.22"]
[EventType "tourn"]
[EventCountry "FRA"]
[SourceTitle "playchess.com"]
[Source "ChessBase"]
[SourceQuality "1"]
[TimeControl "5400+30"]

1. d4 {[%emt 0:00:00]} Nf6 {[%emt 0:00:09]} 2. c4 {[%emt 0:00:05]} e6 {[%emt 0:00:06]} 3. Nc3 {[%emt 0:00:12]} Bb4 {[%emt 0:00:07]} 4. e3 {[%emt 0:01:02]} O-O {[%emt 0:00:27]} 5. Nge2 {[%emt 0:00:09]} c6 {[%emt 0:00:27] E46: Nimzo-Indian: Rubinstein: 4 e3 0-0 5 Ne2 without early Bd3} (5... d5 6. a3 Be7 7. cxd5 exd5 8. Nf4 c6 9. Bd3 Na6 10. O-O Nc7 11. f3 Re8 12. Bd2 Bf8 13. Qe1 g6 14. g4 c5 15. Qf2 b6 16. h4 Bd6 17. Nce2 {0-1 (54) Caruana,F (2816)-Karjakin,S (2782) Leuven 2018}) 6. a3 {[%emt 0:00:58]} Ba5 {[%emt 0:00:05]} 7. Qc2 {[%emt 0:00:16]} d5 {[%emt 0:00:22]} 8. Ng3 {[%emt 0:00:31]} Nbd7 {[%emt 0:00:36]} 9. Be2 {[%emt 0:00:31]} dxc4 {[%emt 0:00:32]} 10. Bxc4 {[%emt 0:00:12]} e5 {[%emt 0:00:22]} 11. O-O {[%emt 0:01:03]} exd4 {[%emt 0:00:19]} 12. exd4 {[%emt 0:00:12]} Bc7 {[%emt 0:00:21]} 13. Bg5 {[%emt 0:10:21]} Nb6 $146 {[%emt 0:25:57]} 14. Ba2 {[%emt 0:01:49]} h6 {[%emt 0:01:20]} 15. Be3 {[%emt 0:06:16]} Nfd5 {[%emt 0:05:59]} 16. Rae1 {[%emt 0:04:34]} f5 {[%emt 0:03:09]} 17. Bc1 {[%emt 0:07:29]} Kh8 {[%emt 0:16:55]} 18. f4 {[%emt 0:03:20]} (18. Re2 $11) 18... Qd6 {[%emt 0:09:51]} 19. Re5 {[%emt 0:05:50]} Qg6 {[%emt 0:01:29]} 20. Re2 {[%emt 0:06:42]} Be6 {[%emt 0:01:18]} 21. Rfe1 {[%emt 0:02:44]} Bg8 {[%emt 0:01:07]} 22. Bb1 {[%emt 0:04:53]} Qf6 {[%emt 0:05:25]} 23. Kh1 {[%emt 0:02:25]} (23. Nxf5 $11 {keeps the balance.} Bh7 24. g4) 23... g6 {[%emt 0:05:05]} 24. Nd1 $2 {[%emt 0:07:22]} (24. Ba2 $17) 24... Bf7 {[%emt 0:01:45]} 25. Nf2 {[%emt 0:01:19]} Nxf4 {[%emt 0:02:36]} (25... Qxd4 26. b3 $11) 26. Bxf4 {[%emt 0:04:36]} Bxf4 {[%emt 0:00:01]} 27. Nd3 {[%emt 0:00:27]} Nd5 {[%emt 0:02:38]} 28. Nxf4 {[%emt 0:09:34]} (28. Ne5 $17) 28... Nxf4 {[%emt 0:00:02]} 29. Rf2 {[%emt 0:01:04]} Nd5 $19 {[%emt 0:01:04]} ({Keinesfalls} 29... Qxd4 30. Rd1 $17) 30. Re5 {[%emt 0:02:51]} Rae8 {[%emt 0:01:34]} 31. Qe2 {[%emt 0:01:32]} Qg7 {[%emt 0:03:45]} 32. Rf1 {[%emt 0:03:17]} c5 {[%emt 0:00:47]} 33. Qb5 {[%emt 0:04:06]} Ne3 {[%emt 0:01:25]} 34. Rc1 {[%emt 0:02:50]} Rxe5 {[%emt 0:03:12]} 35. dxe5 {[%emt 0:00:02]} Bd5 {[%emt 0:01:16]} 36. Qxc5 {[%emt 0:00:55]} f4 {[%emt 0:00:27]} 37. Ne4 {[%emt 0:01:03]} 1/2-1/2

[Event "4th EFE Metz Festival-IM"]
[Site "Metz"]
[Date "2018.07.27"]
[Round "6"]
[White "Harutyunyan, Ruben"]
[Black "Murdzia, Piotr"]
[Result "1/2-1/2"]
[WhiteElo "2303"]
[BlackElo "2410"]
[Annotator "TA"]
[PlyCount "59"]
[EventDate "2018.07.22"]
[EventType "tourn"]
[EventCountry "FRA"]
[SourceTitle "playchess.com"]
[Source "ChessBase"]
[SourceQuality "1"]

{[%evp 27,59,0,0,0,0,-16,4,14,33,22,14,-35,-35,-31,0,0,0,0,0,0,0,0,0,0,0,0,0,0,0,0,0,0,0,0]} 1. e4 c5 2. Nf3 {[%cal Bg1f3,Bf3d4,Bd4b5,Bb5c3,Bc3e2,Be2g3][%mdl 32]} Nc6 3. Nc3 e6 4. d4 cxd4 5. Nxd4 Nf6 6. Ndb5 Bb4 7. a3 Bxc3+ 8. Nxc3 d5 9. Bd3 O-O 10. O-O {B45: Sicilian Four Knights} d4 11. Ne2 e5 12. Ng3 Bg4 13. f3 Be6 14. f4 exf4 {LiveBook: 3 Games} 15. Bxf4 Ng4 16. Nf5 (16. Qe1 Qb6 17. Nh5 g6 18. h3 Ne3 19. Nf6+ Kg7 20. Bh6+ Kh8 21. Qh4 Rg8 22. Bxe3 {1-0 (21) Sychev,K (2498)-Tregubov,P (2589) Moscow 2017}) 16... Bxf5 $146 (16... Nge5 {seems wilder.} 17. Qd2 f6 18. Bxe5 Nxe5 19. Qb4 a5) ({Predecessor:} 16... Nge5 17. b4 {0-1 (47) Kiselev,P (2318)-Usmanov,V (2448) St Petersburg 2017}) 17. exf5 Nf6 18. Qd2 Re8 19. Rad1 Qb6 20. Bg5 {[#] And now Bxf6 would win.} Ne5 21. Qb4 {The position is equal.} Qxb4 22. axb4 Nxd3 23. Rxd3 Rac8 24. Bxf6 gxf6 $11 {[%mdl 4096] Endgame KRR-KRR} 25. c3 Re2 26. Rf2 Re1+ 27. Rf1 Re2 28. Rf2 Re1+ 29. Rf1 Re2 30. Rf2 1/2-1/2

[Event "4th EFE Metz Festival-IM"]
[Site "Metz"]
[Date "2018.07.27"]
[Round "6"]
[White "Adrian, Claude"]
[Black "Le Corre, Benjamin"]
[Result "0-1"]
[WhiteElo "2267"]
[BlackElo "2257"]
[Annotator "NA"]
[PlyCount "80"]
[EventDate "2018.07.22"]
[EventType "tourn"]
[EventCountry "FRA"]
[SourceTitle "playchess.com"]
[Source "ChessBase"]
[SourceQuality "1"]
[TimeControl "5400+30"]

1. c4 {[%emt 0:00:00]} g6 {[%emt 0:00:00]} 2. d4 {[%emt 0:01:52]} Bg7 {[%emt 0:00:05]} 3. g3 {[%emt 0:00:28]} d6 {[%emt 0:01:51]} 4. Bg2 {[%emt 0:00:09]} Nc6 {[%emt 0:04:46]} 5. d5 {[%emt 0:04:04]} Na5 {[%emt 0:03:42]} 6. Nd2 {[%emt 0:05:02]} c5 {[%emt 0:00:43]} 7. Rb1 {[%emt 0:01:44]} Nf6 {[%emt 0:03:44]} 8. a3 {[%emt 0:01:40]} b6 {[%emt 0:03:33]} 9. b4 {[%emt 0:00:40]} Nb7 {[%emt 0:00:18]} 10. e4 {[%emt 0:00:40]} O-O {[%emt 0:00:39]} 11. Ne2 {[%emt 0:05:00]} Bd7 {[%emt 0:15:15]} 12. O-O {[%emt 0:02:25]} b5 {[%emt 0:14:20]} 13. Bb2 {[%emt 0:10:22]} Rc8 {[%emt 0:11:11]} 14. Qb3 {[%emt 0:05:27]} a5 {[%emt 0:02:48]} 15. Rfc1 {[%emt 0:03:13]} axb4 {[%emt 0:01:20]} 16. axb4 {[%emt 0:02:03]} cxb4 {[%emt 0:00:04]} 17. Qxb4 {[%emt 0:06:44]} Nc5 $1 {[%emt 0:01:03]} 18. cxb5 {[%emt 0:03:10]} Rb8 {[%emt 0:03:38]} 19. Nd4 {[%emt 0:03:28]} Nd3 $1 {[%emt 0:00:48]} 20. Qb3 $2 {[%emt 0:09:15]} (20. Qc4 $11 {and White is okay.} Nxb2 21. Rxb2) 20... Nxc1 {[%emt 0:01:55]} 21. Rxc1 {[%emt 0:01:37] [#]} Ng4 $2 {[%emt 0:04:06]} ({Black should play} 21... Bxb5 $1 $19 {[%mdl 512]} 22. Nxb5 Qa5) 22. Bf1 {[%emt 0:13:22]} Qb6 {[%emt 0:04:08]} 23. Nc4 {[%emt 0:03:01]} Qb7 {[%emt 0:01:25]} 24. h3 $11 {[%emt 0:06:50]} (24. f3 $16) 24... Ne5 {[%emt 0:08:30]} 25. Nd2 {[%emt 0:04:47]} Rfc8 {[%emt 0:01:01]} 26. Rxc8+ {[%emt 0:01:07]} Qxc8 {[%emt 0:00:35]} 27. f4 {[%emt 0:00:43]} Qc5 {[%emt 0:00:14]} 28. fxe5 {[%emt 0:02:43]} dxe5 {[%emt 0:00:17]} 29. Qc2 {[%emt 0:02:11]} Qb6 {[%emt 0:00:30]} 30. Nc4 {[%emt 0:00:11]} Qc5 {[%emt 0:00:33]} 31. Ne3 {[%emt 0:00:34]} Qa7 {[%emt 0:00:29]} 32. Nc6 {[%emt 0:00:55]} Bxc6 {[%emt 0:02:51]} 33. dxc6 {[%emt 0:00:17]} Bh6 {[%emt 0:00:07]} 34. Bxe5 {[%emt 0:00:43]} Bxe3+ {[%emt 0:00:22]} 35. Kg2 {[%emt 0:00:11]} Rd8 {[%emt 0:01:03]} 36. c7 {[%emt 0:00:31]} Rc8 {[%emt 0:00:04]} 37. Qc6 {[%emt 0:00:49]} Qa2+ {[%emt 0:01:31]} 38. Kf3 {[%emt 0:00:30]} Qf2+ {[%emt 0:00:22]} 39. Kg4 {[%emt 0:00:01]} Qxf1 {[%emt 0:02:26]} 40. h4 {[%emt 0:00:00]} h5# 0-1